Emperors of the Mughal Empire - Statistics

General Stats
  • This quiz has been taken 369 times
  • The average score is 10 of 17
Answer Stats
Hint Answer % Correct
1556 - 1605 Akbar-i-Azam
93%
1719 Shah Jahan II
85%
1526 - 1530 Babur
82%
1658 - 1707 Aurangzeb (Alamgir I)
81%
1806 - 1837 Akbar Shah II
79%
1712 - 1713 Jahandar Shah
79%
1719 - 1748 Muhammad Shah
79%
1627 - 1658 Shah Jahan-i-Azam
73%
1605 - 1627 Jahangir
71%
1530 - 1540 and 1555-1556 Humayun
68%
1748 - 1754 Ahmad Shah Bahadur
50%
1708 - 1712 Bahadur Shah (Alam I)
45%
1759 - 1806 Shah Alam II
45%
1837 - 1857 Bahadur Shah II
41%
1754 - 1759 Alamgir II
33%
1713 - 1719 Farrukhsiyar
16%
1719 Rafi ud-Darajat
7%
No matching quizzes found
Score Distribution
Percent of People with Each Score
Percentile by Number Answered
Your Score History
You have not taken this quiz